[Event "Berlin-ch Seniors op 27th"]
[Site "Berlin"]
[Date "2011.02.02"]
[Round "5"]
[White "Kranch, Klaus"]
[Black "Reeger, Stephan"]
[Result "1/2-1/2"]
[WhiteElo "1494"]
[BlackElo "1318"]
[PlyCount "66"]
[EventDate "2011.01.29"]
[EventType "swiss"]
[EventRounds "9"]
[EventCountry "GER"]
[SourceTitle "EXT 2012"]
[Source "ChessBase"]
[SourceDate "2011.11.24"]
[SourceVersion "1"]
[SourceVersionDate "2011.11.24"]
[SourceQuality "1"]

1. d4 Nf6 2. c4 e6 3. Nc3 d5 4. Bg5 Nbd7 5. e3 Be7 6. Nf3 0-0 7. Bd3 h6 8. Bh4 b6 9. cxd5 exd5 10. 0-0 Bb7 11. Rc1 c5 12. Re1 Ne4 13. Bxe7 Qxe7 14. Bb1 Ndf6 15. Ne5 Rfd8 16. f3 Ng5 17. Re2 Rac8 18. Bf5 Ne6 19. Rec2 cxd4 20. exd4 a6 21. Na4 Rxc2 22. Rxc2 Qb4 23. Bxe6 fxe6 24. Rc7 Bc8 25. a3 Qb5 26. Qc2 Bd7 27. Nxd7 Nxd7 28. Rc6 e5 29. dxe5 Nc5 30. Rxb6 Qxa4 31. Qxc5 Qd1+ 32. Kf2 Qd2+ 33. Kf1 Qd1+ 1/2-1/2

[Event "Berlin-ch Seniors op 27th"]
[Site "Berlin"]
[Date "2011.01.30"]
[Round "2"]
[White "Windmueller, Werner"]
[Black "Reeger, Stephan"]
[Result "1-0"]
[WhiteElo "1617"]
[BlackElo "1318"]
[PlyCount "48"]
[EventDate "2011.01.29"]
[EventType "swiss"]
[EventRounds "9"]
[EventCountry "GER"]
[SourceTitle "EXT 2012"]
[Source "ChessBase"]
[SourceDate "2011.11.24"]
[SourceVersion "1"]
[SourceVersionDate "2011.11.24"]
[SourceQuality "1"]

1. d4 d5 2. e3 Nf6 3. c4 e6 4. a3 c6 5. Nc3 Nbd7 6. Nf3 Qc7 7. cxd5 exd5 8. Bd3 Bd6 9. h3 0-0 10. Bd2 Re8 11. 0-0 Ne4 12. Rc1 Nxc3 13. Bxc3 Nf6 14. b4 a6 15. Qc2 Ne4 16. Bd2 Bd7 17. Rfd1 f5 18. Qa2 Kh8 19. g3 Re6 20. Be1 Rg6 21. Bxe4 fxe4 22. Ne5 Rh6 23. Nf7+ Kg8 24. Nxh6+ gxh6 1-0